[Event "Ufa Penzina Memorial"]
[Site "Ufa"]
[Date "2023.08.11"]
[Round "6"]
[White "Zaitseva, Diana V"]
[Black "Motina, Alisa"]
[Result "1-0"]
[WhiteElo "1391"]
[BlackElo "1327"]
[PlyCount "179"]
[EventDate "2023.08.06"]
[EventType "swiss"]
[EventRounds "9"]
[EventCountry "RUS"]
[SourceTitle "CBM 215 Extra"]
[Source "ChessBase"]
[SourceDate "2023.09.30"]
[SourceVersion "1"]
[SourceVersionDate "2023.09.30"]
[SourceQuality "1"]

1. Nf3 Nf6 2. g3 g6 3. Bg2 Bg7 4. 0-0 0-0 5. d3 d6 6. e4 e5 7. Nbd2 Nc6 8. c3 Re8 9. Re1 d5 10. exd5 Nxd5 11. Ne4 f5 12. Ned2 Nf6 13. Ng5 Nd5 14. Qb3 Qxg5 15. Bxd5+ Kh8 16. Ne4 Qe7 17. Ng5 h6 18. Nf7+ Kh7 19. f4 Be6 20. Bxe6 Qxe6 21. Qxe6 Rxe6 22. d4 e4 23. Ne5 Nxe5 24. fxe5 Rd8 25. Be3 g5 26. Rf1 Kg6 27. Rf2 b6 28. Raf1 Rf8 29. b4 c6 30. a3 Re7 31. Kg2 Re6 32. h4 g4 33. h5+ Kxh5 34. Rxf5+ Rxf5 35. Rxf5+ Kg6 36. Rf4 h5 37. Rxe4 b5 38. Bf2 Bh6 39. Re2 Bg5 40. Be3 Be7 41. Rf2 a6 42. Bd2 Kg7 43. Rf1 Kg6 44. Kf2 h4 45. gxh4 Bxh4+ 46. Kg2 Re8 47. Rf4 Kh5 48. Rf7 Kg6 49. Rf1 Rh8 50. Rf4 g3 51. Be1 Bg5 52. Rf3 Rh2+ 53. Kxg3 Re2 54. Bf2 Ra2 55. Be3 Bxe3 56. Rxe3 Kf7 57. Kf4 Ke6 58. Ke4 Rxa3 59. Rf3 Ra1 60. Rf6+ Kd7 61. Kd3 Rd1+ 62. Kc2 Rh1 63. Kb3 Rb1+ 64. Kc2 Rh1 65. Rf7+ Ke6 66. Ra7 Ra1 67. Kb2 Re1 68. Rxa6 Kd5 69. Ra1 Re2+ 70. Kb3 Rh2 71. Re1 Rh6 72. Re2 Rg6 73. Kc2 Re6 74. Kd3 Rg6 75. Re3 Rh6 76. Rf3 Rg6 77. Rh3 Rg7 78. Re3 Rg6 79. Ke2 Rg2+ 80. Kf3 Rg6 81. Kf4 Rh6 82. Kg5 Re6 83. Kf5 Re8 84. Kf6 Re6+ 85. Kf7 Rh6 86. e6 Rh7+ 87. Kg6 Re7 88. Kf6 Kd6 89. Re5 Re8 90. e7 1-0

[Event "Ufa Penzina Memorial"]
[Site "Ufa"]
[Date "2023.08.09"]
[Round "4"]
[White "Zaitseva, Diana V"]
[Black "Tazetdinova, Adelya"]
[Result "0-1"]
[WhiteElo "1391"]
[BlackElo "1564"]
[PlyCount "109"]
[EventDate "2023.08.06"]
[EventType "swiss"]
[EventRounds "9"]
[EventCountry "RUS"]
[SourceTitle "CBM 215 Extra"]
[Source "ChessBase"]
[SourceDate "2023.09.30"]
[SourceVersion "1"]
[SourceVersionDate "2023.09.30"]
[SourceQuality "1"]

1. d4 Nf6 2. Bf4 g6 3. e3 Bg7 4. h3 0-0 5. Nf3 d6 6. Be2 c5 7. c3 Nc6 8. 0-0 b6 9. a4 Bb7 10. d5 Nb8 11. Bc4 a6 12. Nbd2 Nxd5 13. Bg3 Nf6 14. Qe2 d5 15. Bd3 Nc6 16. Rfd1 e6 17. e4 Re8 18. Bh4 Qd7 19. Bc2 Kh8 20. e5 Ng8 21. Nc4 Qc7 22. Nd6 Rf8 23. Bg3 Nce7 24. h4 Nc8 25. Nxc8 Bxc8 26. h5 Ne7 27. Bf4 h6 28. g4 Rg8 29. g5 Nf5 30. hxg6 fxg6 31. gxh6 Bxh6 32. Bxh6 Nxh6 33. Kg2 Kg7 34. Rh1 Qe7 35. Rh3 Bb7 36. Rg1 Rh8 37. Rg3 Nf5 38. Rg4 Rh6 39. Kf1 Rah8 40. Rg5 Bc8 41. Ke1 Qf7 42. Bb1 Kf8 43. c4 d4 44. Be4 Bd7 45. Qc2 Rh1 46. Qb3 Rxg1+ 47. Rxg1 Nh4 48. Ng5 Qf4 49. Ke2 Qxe5 50. f4 d3+ 51. Qxd3 Qxb2+ 52. Kf1 Qc1+ 53. Kf2 Qxf4+ 54. Ke1 Ke7 55. Nh3 0-1